| 000 | 00923nam a22003017a 4500 | ||
|---|---|---|---|
| 001 | BR0604326 | ||
| 003 | BR-BrBNA | ||
| 005 | 20230928102300.0 | ||
| 007 | ta | ||
| 008 | 230509b bl.||||| |||| 00| 0 por d | ||
| 040 |
_aBR-BrBNA _bpor _cBiblioteca Nacional de Agricultura |
||
| 041 | _a(Por) | ||
| 072 | _aE71 | ||
| 090 | _ E71 BR0604326 | ||
| 100 | 1 | _aSilva, L.C.D. da | |
| 110 | 1 |
_aUniversidade Federal de Lavras, MG (Brasil) _0Tese (Mestrado) |
|
| 245 | 1 | _aOs efeitos de barreiras alfandegárias sobre a formação do preço de exportação: um estudo de produtos do agronegócio mineiro no contexto da ALCA | |
| 260 | 3 |
_aLavras, MG (Brasil): _c2006. |
|
| 300 | _a88 p. | ||
| 500 | _aSummaries (Eng, Por); 45 ref.; 18 tables | ||
| 650 | _aAGRONEGÓCIO | ||
| 650 | _aPREÇO | ||
| 650 | _aEXPORTAÇÃO | ||
| 650 | _aALFANDEGA | ||
| 650 | _aALCA | ||
| 909 |
_a202309 _bLucia _c55 _dLucia Elande |
||
| 942 | _cBK | ||
| 999 |
_c69992 _d69992 |
||